[Event "Manitoba-ch Seniors"]
[Site "Winnipeg"]
[Date "2019.10.01"]
[Round "1.1"]
[White "Boron, Anthony"]
[Black "Remillard, John"]
[Result "1-0"]
[WhiteElo "1984"]
[BlackElo "1541"]
[PlyCount "127"]
[EventDate "2019.10.01"]
[EventType "swiss"]
[EventRounds "5"]
[EventCountry "CAN"]
[SourceTitle "EXT 2023"]
[Source "ChessBase"]
[SourceDate "2022.10.05"]
[SourceVersion "1"]
[SourceVersionDate "2022.10.05"]
[SourceQuality "1"]

1. e4 c6 2. d4 d5 3. exd5 cxd5 4. Bd3 Nc6 5. c3 Nf6 6. Bf4 g6 7. Nf3 Bg7 8. Nbd2 0-0 9. Ne5 Nh5 10. Nxc6 bxc6 11. Be3 e5 12. dxe5 Bxe5 13. 0-0 Nf4 14. Nf3 Bg4 15. Bxf4 Bxf4 16. h3 Bd7 17. c4 Qb6 18. Qc2 Rac8 19. Rfe1 Rfe8 20. c5 Qc7 21. Qa4 Rxe1+ 22. Rxe1 Re8 23. Rxe8+ Bxe8 24. Qc2 Qe7 25. b4 Qf6 26. Qb1 Qc3 27. g3 Qc1+ 28. Kg2 Qxb1 29. Bxb1 Bc1 30. Nd4 Bb2 31. Nc2 Bd7 32. g4 f5 33. f3 Kf7 34. Ne1 Bc3 35. Nd3 Kf6 36. Bc2 fxg4 37. fxg4 h5 38. Kg3 hxg4 39. hxg4 g5 40. Bb3 Be8 41. b5 Bd4 42. bxc6 Bxc6 43. Nb4 Be8 44. c6 Be5+ 45. Kf3 Bf7 46. Bxd5 Bxd5+ 47. Nxd5+ Ke6 48. c7 Kd7 49. Ke4 Bb2 50. Kf5 Bc1 51. Kf6 Bd2 52. Kf5 Bc1 53. Nf6+ Kxc7 54. Nh7 Kd7 55. Nxg5 Kc6 56. Ne6 Kb5 57. Nf4 Ka4 58. g5 Bb2 59. Nd3 Bc3 60. Ne5 Bd2 61. g6 Bh6 62. Ke6 Ka3 63. Kf7 Kxa2 64. Ng4 1-0

[Event "Winnipeg op"]
[Site "Winnipeg"]
[Date "2019.07.30"]
[Round "8.9"]
[White "Myrzaibraimova, Aibike"]
[Black "Remillard, John"]
[Result "1/2-1/2"]
[WhiteElo "1581"]
[BlackElo "1602"]
[PlyCount "143"]
[EventDate "2019.06.04"]
[EventType "swiss"]
[EventRounds "8"]
[EventCountry "CAN"]
[SourceTitle "EXT 2023"]
[Source "ChessBase"]
[SourceDate "2022.10.05"]
[SourceVersion "1"]
[SourceVersionDate "2022.10.05"]
[SourceQuality "1"]

1. e4 e5 2. Nf3 Nf6 3. Nxe5 Qe7 4. Nf3 Qxe4+ 5. Be2 Bb4 6. c3 Ba5 7. d4 0-0 8. 0-0 d6 9. Nbd2 Qc6 10. Re1 Re8 11. Nc4 Bb6 12. Qc2 Be6 13. Nxb6 axb6 14. c4 Qd7 15. Bd3 Na6 16. a3 Nb4 17. Qc3 Nxd3 18. Qxd3 Bf5 19. Rxe8+ Rxe8 20. Qb3 Bg4 21. Bd2 Ne4 22. Bf4 Qf5 23. Bg3 Bxf3 24. Qxf3 Qxf3 25. gxf3 Nd2 26. Kg2 Nxc4 27. Rc1 d5 28. Bxc7 Rc8 29. Re1 Kf8 30. Be5 Nxb2 31. Bd6+ Kg8 32. Re7 Nc4 33. Bb4 g6 34. Rxb7 Ra8 35. Rd7 Nxa3 36. Rxd5 Nc2 37. Be7 Ra5 38. Rd8+ Kg7 39. Bf8+ Kf6 40. Rd6+ Kf5 41. Bg7 Kf4 42. Rf6+ Rf5 43. Rxb6 Ne1+ 44. Kf1 Nxf3 45. h3 Ke4 46. Rd6 Ng5 47. Kg2 Nf3 48. Bf6 g5 49. Kg3 h5 50. Bg7 h4+ 51. Kg2 Ne1+ 52. Kf1 Nd3 53. d5 Nxf2 54. Rf6 Nxh3+ 55. Rxf5 Kxf5 56. d6 Nf4 57. Bf8 Ne6 58. Be7 Kg4 59. d7 h3 60. Kg1 f5 61. d8Q Nxd8 62. Bxd8 f4 63. Bb6 Kf3 64. Bd8 g4 65. Kh2 Ke2 66. Bb6 Kf1 67. Bc7 g3+ 68. Kxh3 g2 69. Bb6 g1Q 70. Bxg1 Kxg1 71. Kg4 f3 72. Kxf3 1/2-1/2

[Event "Winnipeg TNT January op"]
[Site "Winnipeg"]
[Date "2019.01.08"]
[Round "1.2"]
[White "Remillard, John"]
[Black "Boron, Anthony"]
[Result "1-0"]
[WhiteElo "1660"]
[BlackElo "2011"]
[PlyCount "55"]
[EventDate "2019.01.08"]
[EventType "swiss"]
[EventRounds "4"]
[EventCountry "CAN"]
[SourceTitle "EXT 2022"]
[Source "ChessBase"]
[SourceDate "2021.10.06"]
[SourceVersion "1"]
[SourceVersionDate "2021.10.06"]
[SourceQuality "1"]

1. c4 e6 2. e3 d5 3. d4 Nf6 4. a3 g6 5. Nc3 Bg7 6. b4 0-0 7. cxd5 exd5 8. Bb2 Re8 9. Nf3 c6 10. Bd3 Nbd7 11. 0-0 Ne4 12. Nd2 f5 13. f3 Nxc3 14. Bxc3 Rxe3 15. Qc2 Qb6 16. Nb3 Nf8 17. Rae1 Rxe1 18. Rxe1 Ne6 19. Nc5 Nxd4 20. Qb2 Ne6 21. Bxg7 Nxg7 22. Re7 Nh5 23. Re8+ Kf7 24. Qh8 g5 25. Qg8+ Kf6 26. Rf8+ Ke5 27. Qxg5 Nf4 28. Qf6# 1-0

[Event "Winnipeg Woodbury Memorial"]
[Site "Winnipeg"]
[Date "2018.12.18"]
[Round "7.8"]
[White "Czarny, Keith"]
[Black "Remillard, John"]
[Result "0-1"]
[WhiteElo "1660"]
[BlackElo "1617"]
[PlyCount "56"]
[EventDate "2018.11.06"]
[EventType "swiss"]
[EventRounds "7"]
[EventCountry "CAN"]
[SourceTitle "EXT 2022"]
[Source "ChessBase"]
[SourceDate "2021.10.06"]
[SourceVersion "1"]
[SourceVersionDate "2021.10.06"]
[SourceQuality "1"]

1. Nf3 b6 2. c4 Bb7 3. Nc3 c5 4. d4 cxd4 5. Nxd4 Nc6 6. Nxc6 dxc6 7. Bf4 Qxd1+ 8. Rxd1 f6 9. e4 e5 10. Bd2 0-0-0 11. a3 h5 12. Be2 h4 13. 0-0 g5 14. h3 Nh6 15. Be3 Be7 16. b4 Rxd1 17. Rxd1 Rd8 18. Rxd8+ Kxd8 19. b5 Bxa3 20. bxc6 Bxc6 21. g3 hxg3 22. fxg3 Nf7 23. Nd5 Bxd5 24. exd5 Bc5 25. Kf2 Nd6 26. h4 gxh4 27. gxh4 Bxe3+ 28. Kxe3 Nf5+ 0-1

[Event "Winnipeg op"]
[Site "Winnipeg"]
[Date "2018.06.05"]
[Round "1"]
[White "Remillard, John"]
[Black "Wiebe, Isaac"]
[Result "0-1"]
[WhiteElo "1605"]
[BlackElo "2274"]
[PlyCount "45"]
[EventDate "2018.06.05"]
[EventType "swiss"]
[EventRounds "8"]
[EventCountry "CAN"]
[SourceTitle "EXT 2022"]
[Source "ChessBase"]
[SourceDate "2021.10.06"]
[SourceVersion "1"]
[SourceVersionDate "2021.10.06"]
[SourceQuality "1"]

1. Nf3 d5 2. g3 Nf6 3. Bg2 e6 4. d4 Be7 5. c4 0-0 6. c5 b6 7. b4 a5 8. Ba3 axb4 9. Bxb4 Na6 10. Qd2 Ne4 11. Qb2 bxc5 12. dxc5 Nxb4 13. Qxb4 Bxc5 14. Qb2 Bxf2+ 15. Kd1 Bb6 16. Rf1 Ba6 17. Nc3 Ba5 18. Rc1 Qf6 19. Na4 Qxb2 20. Nxb2 Nc3+ 21. Kc2 Nxa2 22. Ra1 Nb4+ 23. Kd1 0-1

[Event "Winnipeg TNT May op"]
[Site "Winnipeg"]
[Date "2018.05.29"]
[Round "5"]
[White "Furda, Evheniya Diana"]
[Black "Remillard, John"]
[Result "0-1"]
[WhiteElo "1530"]
[BlackElo "1596"]
[PlyCount "98"]
[EventDate "2018.05.01"]
[EventType "swiss"]
[EventRounds "5"]
[EventCountry "CAN"]
[SourceTitle "EXT 2022"]
[Source "ChessBase"]
[SourceDate "2021.10.06"]
[SourceVersion "1"]
[SourceVersionDate "2021.10.06"]
[SourceQuality "1"]

1. e4 g6 2. d4 Bg7 3. Nf3 d5 4. Nc3 dxe4 5. Nxe4 Bg4 6. c3 Nf6 7. Ned2 0-0 8. h3 Bf5 9. Nc4 Nbd7 10. Bf4 Nd5 11. Bd2 c6 12. g4 Be4 13. Qe2 f5 14. 0-0-0 b5 15. Ne3 fxg4 16. Nxg4 Bxf3 17. Qe6+ Kh8 18. Rg1 Bxg4 19. hxg4 Rf6 20. Qe4 Nf8 21. Qg2 Qd6 22. Bg5 Re6 23. Bd3 Nf4 24. Bxf4 Qxf4+ 25. Kb1 b4 26. cxb4 Qxd4 27. f3 Qxb4 28. Qc2 Rb8 29. Rg2 Re1 30. Rxe1 Qxe1+ 31. Qc1 Qxc1+ 32. Kxc1 Bd4 33. b3 e5 34. Re2 Ne6 35. Re1 Nf4 36. Be4 Kg7 37. Kc2 c5 38. Rb1 a5 39. Kd2 h5 40. gxh5 gxh5 41. Rh1 a4 42. Bc2 axb3 43. axb3 Ra8 44. Rb1 Ra1 45. Rxa1 Bxa1 46. Ke1 h4 47. Kf2 Bd4+ 48. Kf1 Kf6 49. Ke1 h3 0-1

[Event "Winnipeg TNT April op"]
[Site "Winnipeg"]
[Date "2018.04.03"]
[Round "1"]
[White "Remillard, John"]
[Black "Baron, Gustav L"]
[Result "0-1"]
[WhiteElo "1631"]
[BlackElo "2216"]
[PlyCount "88"]
[EventDate "2018.04.03"]
[EventType "swiss"]
[EventRounds "4"]
[EventCountry "CAN"]
[SourceTitle "EXT 2022"]
[Source "ChessBase"]
[SourceDate "2021.10.06"]
[SourceVersion "1"]
[SourceVersionDate "2021.10.06"]
[SourceQuality "1"]

1. Nf3 f5 2. d4 Nf6 3. c4 e6 4. a3 c6 5. Nc3 d5 6. e3 Bd6 7. c5 Bc7 8. b4 a6 9. Be2 Nbd7 10. 0-0 0-0 11. Ne1 e5 12. dxe5 Nxe5 13. f4 Nf7 14. Nf3 Qe7 15. Nd4 Bd7 16. Qc2 g6 17. Bd2 Rae8 18. Rae1 Nh6 19. Rf3 Ne4 20. Rh3 Ng4 21. Nxe4 fxe4 22. Rg3 Nh6 23. Rf1 Qh4 24. Be1 Qe7 25. Qd1 Bf5 26. h4 Kf7 27. h5 Bd8 28. hxg6+ hxg6 29. Nxf5 Nxf5 30. Rh3 Rh8 31. Bf2 Ke6 32. Bg4 Qf6 33. Bxf5+ gxf5 34. Qa1 a5 35. bxa5 Bxa5 36. Qxf6+ Kxf6 37. Rxh8 Rxh8 38. Be1 Ra8 39. Bb4 Bxb4 40. axb4 Ra3 41. Rb1 Rxe3 42. b5 Rc3 43. bxc6 bxc6 44. Rb8 Rxc5 0-1

[Event "Winnipeg TNT March op"]
[Site "Winnipeg"]
[Date "2018.03.20"]
[Round "3"]
[White "Remillard, John"]
[Black "Gannon, Keith"]
[Result "1-0"]
[WhiteElo "1633"]
[BlackElo "1520"]
[PlyCount "99"]
[EventDate "2018.03.06"]
[EventType "swiss"]
[EventRounds "4"]
[EventCountry "CAN"]
[SourceTitle "EXT 2022"]
[Source "ChessBase"]
[SourceDate "2021.10.06"]
[SourceVersion "1"]
[SourceVersionDate "2021.10.06"]
[SourceQuality "1"]

1. b4 e5 2. Bb2 d6 3. d4 exd4 4. Bxd4 c5 5. Bc3 b6 6. Qd5 Qc7 7. Qxa8 Bb7 8. Qxa7 cxb4 9. Qa4+ Bc6 10. Qxb4 d5 11. Qb2 f6 12. e3 Bd6 13. Nf3 Ne7 14. Nd4 Bd7 15. Na3 0-0 16. Nab5 Bxb5 17. Bxb5 Rc8 18. Bb4 Be5 19. c3 Nbc6 20. Nxc6 Nxc6 21. Bxc6 Qxc6 22. Rc1 Qc4 23. Qe2 Qxb4 24. cxb4 Rxc1+ 25. Qd1 Bc3+ 26. Ke2 Rxd1 27. Kxd1 Bxb4 28. Kc2 Kf7 29. Kb3 Bc5 30. Rd1 Ke6 31. Ka4 f5 32. Rd2 g5 33. Kb5 Kd6 34. a4 h5 35. Rc2 f4 36. a5 fxe3 37. fxe3 Bxe3 38. a6 d4 39. a7 d3 40. Rc6+ Kd5 41. a8Q d2 42. Rc4+ Kd6 43. Qd8+ Ke5 44. Qd3 h4 45. Qe4+ Kf6 46. Rc6+ Kf7 47. Qe6+ Kf8 48. Rc8+ Kg7 49. Rc7+ Kf8 50. Qc8# 1-0

[Event "Winnipeg TNT March op"]
[Site "Winnipeg"]
[Date "2018.03.13"]
[Round "2"]
[White "Konara, Harshani"]
[Black "Remillard, John"]
[Result "1-0"]
[WhiteElo "1899"]
[BlackElo "1633"]
[PlyCount "99"]
[EventDate "2018.03.06"]
[EventType "swiss"]
[EventRounds "4"]
[EventCountry "CAN"]
[SourceTitle "EXT 2022"]
[Source "ChessBase"]
[SourceDate "2021.10.06"]
[SourceVersion "1"]
[SourceVersionDate "2021.10.06"]
[SourceQuality "1"]

1. c4 Nf6 2. Nc3 g6 3. g3 Bg7 4. Bg2 0-0 5. e3 d6 6. d3 Nbd7 7. Nge2 Re8 8. 0-0 e5 9. a3 c6 10. Rb1 Nb6 11. b4 e4 12. Nxe4 Nxe4 13. Bxe4 Nxc4 14. Bg2 Ne5 15. Bb2 Bf5 16. e4 Be6 17. Qc2 Rc8 18. Nf4 Bg4 19. h3 Bd7 20. d4 c5 21. dxe5 cxb4 22. Qb3 dxe5 23. Nd5 bxa3 24. Bxa3 Bc6 25. Rfd1 Bf8 26. Ne7+ Qxe7 27. Bxe7 Bxe7 28. Rbc1 a5 29. Bf1 Bb4 30. Bc4 Re7 31. Bd5 Rcc7 32. Bxc6 bxc6 33. Rd8+ Kg7 34. Rcd1 c5 35. Rc1 Ra7 36. Qa4 Rac7 37. Re8 Red7 38. Rxe5 c4 39. Rxc4 Rxc4 40. Qxd7 Rc1+ 41. Kg2 Rc2 42. Qa7 Rd2 43. Rd5 Rc2 44. Rd7 Bc5 45. Rxf7+ Kh6 46. Rxh7+ Kg5 47. h4+ Kf6 48. Rf7+ Ke5 49. Qa6 Kxe4 50. Qxg6+ 1-0

[Event "Winnipeg op"]
[Site "Winnipeg"]
[Date "2017.07.18"]
[Round "7"]
[White "Remillard, John"]
[Black "Bince, Rolando"]
[Result "0-1"]
[WhiteElo "1636"]
[BlackElo "2051"]
[PlyCount "38"]
[EventDate "2017.06.06"]
[EventType "swiss"]
[EventRounds "8"]
[EventCountry "CAN"]
[SourceTitle "EXT 2022"]
[Source "ChessBase"]
[SourceDate "2021.10.06"]
[SourceVersion "1"]
[SourceVersionDate "2021.10.06"]
[SourceQuality "1"]

1. d4 Nf6 2. Nf3 d5 3. Bf4 Bf5 4. Nc3 e6 5. a3 Be7 6. Nb5 Na6 7. e3 Ne4 8. c4 c6 9. Nc3 Nxc3 10. bxc3 Qa5 11. Qc1 0-0 12. Nd2 Rac8 13. f3 c5 14. g4 Bg6 15. h4 h6 16. g5 h5 17. Qb2 b6 18. cxd5 cxd4 19. cxd4 Rc2 0-1

[Event "Winnipeg TNT May op"]
[Site "Winnipeg"]
[Date "2017.05.02"]
[Round "1"]
[White "Bince, Rolando"]
[Black "Remillard, John"]
[Result "1-0"]
[WhiteElo "2085"]
[BlackElo "1644"]
[PlyCount "87"]
[EventDate "2017.05.02"]
[EventType "swiss"]
[EventRounds "5"]
[EventCountry "CAN"]
[SourceTitle "EXT 2022"]
[Source "ChessBase"]
[SourceDate "2021.10.06"]
[SourceVersion "1"]
[SourceVersionDate "2021.10.06"]
[SourceQuality "1"]

1. Nf3 d5 2. g3 Nf6 3. Bg2 e6 4. c4 c6 5. b3 Nbd7 6. Bb2 Qc7 7. 0-0 e5 8. d3 Be7 9. Qc2 0-0 10. Nbd2 d4 11. a4 b5 12. cxb5 Bb7 13. Rfc1 c5 14. Ba3 Bd6 15. Ng5 Nd5 16. Nge4 Nb4 17. Qd1 f5 18. Nxd6 Qxd6 19. Bh3 Qh6 20. Bg2 Nd5 21. Qe1 f4 22. Ne4 fxg3 23. hxg3 Rf5 24. Bxc5 Ne3 25. Bf3 Nxc5 26. Rxc5 Raf8 27. fxe3 Bxe4 28. dxe4 Qxe3+ 29. Qf2 Rxf3 30. exf3 Qxb3 31. Qa2 Rxf3 32. Qxb3+ Rxb3 33. Rxe5 Rxg3+ 34. Kf2 Rc3 35. Rd5 d3 36. Ke3 d2+ 37. Kxd2 Rc7 38. Rf1 h6 39. a5 g5 40. Rf6 Kg7 41. Rfd6 Rf7 42. Rd7 g4 43. Rxf7+ Kxf7 44. Ke3 1-0

[Event "Winnipeg TNT January op"]
[Site "Winnipeg"]
[Date "2017.01.24"]
[Round "3.4"]
[White "Remillard, John"]
[Black "Wolchock, Theo"]
[Result "0-1"]
[WhiteElo "1657"]
[BlackElo "1965"]
[PlyCount "76"]
[EventDate "2017.01.10"]
[EventType "swiss"]
[EventRounds "4"]
[EventCountry "CAN"]
[SourceTitle "EXT 2022"]
[Source "ChessBase"]
[SourceDate "2021.10.06"]
[SourceVersion "1"]
[SourceVersionDate "2021.10.06"]
[SourceQuality "1"]

1. d4 Nf6 2. Nf3 d5 3. Bf4 e6 4. e3 Be7 5. Bd3 0-0 6. 0-0 c5 7. c3 Nbd7 8. Nbd2 Nh5 9. Bg3 Nxg3 10. fxg3 f5 11. Qb1 Nf6 12. Ne5 Ne4 13. Bxe4 fxe4 14. Rxf8+ Qxf8 15. Qf1 Bf6 16. Ng4 b6 17. Qb5 Qe7 18. Nxf6+ gxf6 19. Rf1 Bd7 20. Qe2 e5 21. Qh5 c4 22. dxe5 fxe5 23. Qe2 Be6 24. g4 Rf8 25. Rxf8+ Qxf8 26. h4 Qg7 27. g5 Qg6 28. Kh2 b5 29. b4 Qf5 30. Kg3 d4 31. cxd4 c3 32. Nb3 Bxb3 33. axb3 exd4 34. exd4 Qd5 35. Kf4 a6 36. Ke3 Qxb3 37. Kxe4 c2 38. Kf5 Qf7+ 0-1